=LDR 00000nam 2200000 4500 =001 INLIS000000000020941 =005 20130612115840 =008 ***********************************Ind** =035 ##$$0010-061300000020941 =041 ##$$a Ind =082 ##$$a 2x7 =090 ##$$a 2x7, Shi j =100 ##$$a Shiddiq, Nourouzzaman =245 ##$$a Jeram - jeram peradaban muslim, Nourouzzaman Shiddiqi =260 ##$$a 1996 $b Yogyakarta =300 ##$$a x, 361 hlm, 21 cm =650 ##$$a Filsafgat dan Perkembangan =850 ##$$a NBPNMAT